Electrical and electronics engineering (Record no. 6367)
[ view plain ]
| 000 -LEADER | |
|---|---|
| fixed length control field | 00890 a2200229 4500 |
| 005 - DATE AND TIME OF LATEST TRANSACTION | |
| control field | 20080828142432.0 |
| 008 - FIXED-LENGTH DATA ELEMENTS--GENERAL INFORMATION | |
| fixed length control field | 080828t xxu||||| |||| 00| 0 eng d |
| 010 ## - LIBRARY OF CONGRESS CONTROL NUMBER | |
| LC control number | ENG-87371 |
| 020 ## - INTERNATIONAL STANDARD BOOK NUMBER | |
| International Standard Book Number | 818632190X |
| Terms of availability | 200.00 |
| 035 ## - SYSTEM CONTROL NUMBER | |
| System control number | EN-70904 |
| 037 ## - SOURCE OF ACQUISITION | |
| Source of stock number/acquisition | D.B.Act / Pub |
| 082 ## - DEWEY DECIMAL CLASSIFICATION NUMBER | |
| Classification number | 621.38 |
| 100 ## - MAIN ENTRY--PERSONAL NAME | |
| Personal name | Jain, K. C. |
| 245 ## - TITLE STATEMENT | |
| Title | Electrical and electronics engineering |
| Statement of responsibility, etc | by K. C. Jain, and S. L. Surana |
| 250 ## - EDITION STATEMENT | |
| Edition statement | 2nd ed. |
| 260 ## - PUBLICATION, DISTRIBUTION, ETC. (IMPRINT) | |
| Place of publication, distribution, etc | New Delhi |
| Name of publisher, distributor, etc | Jain Brothers |
| Date of publication, distribution, etc | 2006 |
| 270 ## - ADDRESS | |
| Address | 16/873, East Park Road, Karol Bagh |
| City | New Delhi |
| Postal code | 110005 |
| Telephone number | 011-23618426, 011-23619023 |
| Electronic mail address | jain_bros@hotmail.com |
| 300 ## - PHYSICAL DESCRIPTION | |
| Extent | xviii, 450 p. |
| Dimensions | 24 cm. (Pbk) |
| 700 ## - ADDED ENTRY--PERSONAL NAME | |
| Personal name | Surana, S. L. |
| 942 ## - ADDED ENTRY ELEMENTS (KOHA) | |
| Institution code [OBSOLETE] | dpl |
| Koha item type | English Books |
| Call number prefix | 621.38 / JAI |
| Source of classification or shelving scheme | Dewey Decimal Classification |
| Classification part | 621.38 |
| Call number suffix | JAI |
| Withdrawn status | Lost status | Damaged status | Not for loan | Home library | Current library | Date acquired | Cost, normal purchase price | Total Checkouts | Full call number | Barcode | Date last seen | Copy number | Uniform Resource Identifier | Cost, replacement price | Price effective from | Koha item type |
|---|---|---|---|---|---|---|---|---|---|---|---|---|---|---|---|---|
| D.B.Act.Division | D.B.Act.Division | 28/08/2008 | 200.00 | 621.38 JAI | EN-70904 | 15/09/2008 | 1 | 6856 | 200.00 | 15/09/2008 | English Books |
